Central Library OPAC University of Rajshahi

Matthew Arnold / (Record no. 18008)

MARC details
000 -LEADER
fixed length control field 00966cam a2200313 a 4500
001 - CONTROL NUMBER
control field 18008
003 - CONTROL NUMBER IDENTIFIER
rucl marc code BD-RjUL
005 - DATE AND TIME OF LATEST TRANSACTION
control field 20211209000226.0
008 - FIXED-LENGTH DATA ELEMENTS--GENERAL INFORMATION
fixed length control field 140219s1969 enkacfh b 001 0beng
020 ## - INTERNATIONAL STANDARD BOOK NUMBER
International Standard Book Number 0237351285
International Standard Book Number 0237351293 (pbk)
035 ## - SYSTEM CONTROL NUMBER
System control number (BD-RjUL)18066
040 ## - CATALOGING SOURCE
Original cataloging agency DLC
Transcribing agency DLC
Modifying agency UKM
-- EQO
-- BD-RjUL
Language of cataloging eng
041 ## - LANGUAGE CODE
Language code of text/sound track or separate title eng
082 00 - DEWEY DECIMAL CLASSIFICATION NUMBER
Classification number 821.8
Author mark and year THM
100 1# - MAIN ENTRY--PERSONAL NAME
Personal name Thorpe, Michael.
9 (RLIN) 55517
245 10 - TITLE STATEMENT
Title Matthew Arnold /
260 ## - PUBLICATION, DISTRIBUTION, ETC. (IMPRINT)
Place of publication, distribution, etc. London :
Name of publisher, distributor, etc. Evans Brothers,
Date of publication, distribution, etc. 1969.
300 ## - PHYSICAL DESCRIPTION
Pagination 176 p., [4] p. of plates :
Illustrations ill., facsim., port. ;
Size 19 cm.
490 1# - SERIES STATEMENT
Series statement Literature in perspective
504 ## - BIBLIOGRAPHY, ETC. NOTE
Bibliography, etc Includes Bibliography: p. 169-170 and index.
600 10 - SUBJECT ADDED ENTRY--PERSONAL NAME
Personal name Arnold, Matthew,
Dates associated with a name 1822-1888.
650 #0 - SUBJECT ADDED ENTRY--TOPICAL TERM
Topical term or geographic name as entry element Poets, English
Chronological subdivision 19th century
Form subdivision Biography.
9 (RLIN) 55518
Topical term or geographic name as entry element Critics
Geographic subdivision Great Britain
Form subdivision Biography.
9 (RLIN) 55519
830 #0 - SERIES ADDED ENTRY--UNIFORM TITLE
Uniform title Literature in perspective
942 ## - ADDED ENTRY ELEMENTS (KOHA)
Source of classification or shelving scheme Dewey Decimal Classification
Koha item type Books
Holdings
Lost status Source of classification or shelving scheme Damaged status Not for loan Collection code Permanent Location Current Location Shelving location Date acquired Source of acquisition Cost, normal purchase price Total Checkouts Full call number Date last seen Copy number Koha item type
  Dewey Decimal Classification     Fiction Central Library, University of Rajshahi Central Library, University of Rajshahi   21/04/1977 W. Heffer & Sons 0.90   821.8 THM 1969 19/02/2014 C-2 Books
  Dewey Decimal Classification     Fiction Central Library, University of Rajshahi Central Library, University of Rajshahi   21/04/1977 W. Heffer and Sons 0.90   821.8 THM 1969 22/11/2016 C-3 Books